| 000 | 00691nam a2200217 a 4500 | ||
|---|---|---|---|
| 005 | 20220528063551.0 | ||
| 008 | 120613s2005 es r 000 0 spa d | ||
| 020 | _a8478449124 | ||
| 035 | _aUPN01000185073 | ||
| 049 | _aCG | ||
| 050 | 4 |
_aPR4967 _bP7.5 |
|
| 100 | 1 |
_aMacDonald, George, _d1824-1905 _932282 |
|
| 245 | 1 | 3 |
_aLa princesa y Curdie / _cGeorge MacDonald ; tr. de Cristina Sánchez-Andrade ; il. de Helen Stratton. |
| 260 |
_aMadrid : _bSiruela, _c2005. |
||
| 300 |
_a258 p. : _bil. |
||
| 440 | 4 | _a3 edades | |
| 534 |
_pTitulo original: _tThe princess and curdie |
||
| 650 | 4 |
_aPRINCESAS - _vLITERATURA JUVENIL _96770 |
|
| 650 | 0 |
_aHistorias de aventuras _94131 |
|
| 905 | _aLibro | ||
| 999 |
_c157176 _d157176 |
||